000 01173nam0a22002771 4500
001 rc\254737
005 20260407064106.0
035 _a(NLR Aleph) 005517371
090 _a5471196
_c5471196
100 _a20030307d1990 |||y0rusy50 ca
101 0 _arus
102 _aRU
105 _ay |||||||||
200 1 _aРешение уравнений Фаддеева для связанного состояния трех бесспиновых частиц методом конечномерной аппроксимации
210 _aДубна
_cОИЯИ
_d1990
215 _a8 с.
_d22
225 1 _aСообщения Объединенного института ядерных исследований
_vР4-90-135
320 _aБиблиогр.: с. 8 (6 назв.)
700 1 _8rus
_7ca
_aБеляев
_bВ. Б.
_cд-р физ.-мат. наук, ядерная физика
_f1933-2015
_gВладимир Борисович
_3RU\NLR\AUTH\7714250
_9123923
701 1 _aКочкин
_bВ.И.
_gВладимир Иванович
801 0 _aRU
_bNLR
_gpsbo
801 1 _aRU
_bELAR
_2rusmarc
852 _aNLR
_j90-6/1477
942 _cBOOK
980 _aNB